000 00505nam a2200133 4500
008 02004 0a 000 0MEX
050 _aTP155 PD2 S2 2004
082 _a532.15 S2m
100 _aSalgado Gómez, Odilia
245 _aManual práctico de fenómenos de transporte / Odilia Salgado Gómez
300 _a73 p. / 28 cm.
502 _aLibro de texto. Opción. II. I.T.Z. (Química) In. Jorge N. Medellín Hern ndez
650 _a1.TRANSFERENCIA DE CALOR \ 2. DETERMINACIÓN DE LA EFICIENCIA
999 _c16992
_d16992